书目信息 |
| 题名: |
报关与报检实务
|
|
| 作者: | 鲁丹萍 , 陈珉 主编 | |
| 分册: | ||
| 出版信息: | 北京 中国商务出版社 2011 |
|
| 页数: | 420页 | |
| 开本: | 26cm | |
| 丛书名: | ||
| 单 册: | ||
| 中图分类: | F752.5 | |
| 科图分类: | ||
| 主题词: | 进出口贸易--海关手续--中国--教材 , 国境检疫--卫生检疫--中国--教材 , 进出口贸易 , 海关手续 , 国境检疫 , 卫生检疫 | |
| 电子资源: | ||
| ISBN: | 978-7-5103-0372-2 | |
| 000 | 00960nam0 2200313 450 | |
| 001 | 523 | |
| 005 | 20140909101219.45 | |
| 010 | @a978-7-5103-0372-2@dCNY40.00 | |
| 100 | @a20110413d2011 em y0chiy50 ea | |
| 101 | 0 | @achi |
| 102 | @aCN@b110000 | |
| 105 | @ay z 000yy | |
| 106 | @ar | |
| 200 | 1 | @a报关与报检实务@f鲁丹萍,陈珉主编 |
| 210 | @a北京@c中国商务出版社@d2011 | |
| 215 | @a420页@d26cm | |
| 300 | @a国际商务应用系列教材 | |
| 330 | @a本书分为十三个项目,包括:报关基本知识、报关管理制度、报关与对外贸易管制、进出口商品归类、一般进出口货物通关、保税进出口货物通关、特殊进出口货物通关、海关税费等。 | |
| 606 | 0 | @a进出口贸易@x海关手续@y中国@j教材 |
| 606 | 0 | @a国境检疫@x卫生检疫@y中国@j教材 |
| 606 | 0 | @a进出口贸易 |
| 606 | 0 | @a海关手续 |
| 606 | 0 | @a国境检疫 |
| 606 | 0 | @a卫生检疫 |
| 690 | @aF752.5@v5 | |
| 701 | 0 | @a鲁丹萍@4主编 |
| 701 | 0 | @a陈珉@4主编 |
| 801 | 0 | @aCN@bTANGWEI@c20140603 |
| 905 | @b0842981-83@dF752.5@e40@f3 | |
| 报关与报检实务/鲁丹萍,陈珉主编.-北京:中国商务出版社,2011 |
| 420页;26cm |
| 国际商务应用系列教材 |
| ISBN 978-7-5103-0372-2:CNY40.00 |
| 本书分为十三个项目,包括:报关基本知识、报关管理制度、报关与对外贸易管制、进出口商品归类、一般进出口货物通关、保税进出口货物通关、特殊进出口货物通关、海关税费等。 |
| ● |
| 相关链接 |
|
|
|
|
正题名:报关与报检实务
索取号:F752.5/40
 
预约/预借
| 序号 | 登录号 | 条形码 | 馆藏地/架位号 | 状态 | 备注 |
| 1 | 0842981 | 208429814 | 第一样本阅览室/ [索取号:F752.5/40] | 在馆 | |
| 2 | 0842982 | 208429823 | 经管系资料室/ [索取号:F752.5/40] | 在馆 | |
| 3 | 0842983 | 208429832 | 第一借阅区/ [索取号:F752.5/40] | 在馆 |